| 000 | 01199nam a2200361 c 4500 | ||
|---|---|---|---|
| 999 |
_c94433 _d94433 |
||
| 003 | BLK | ||
| 005 | 20230327150517.0 | ||
| 008 | 180408b bul|||||r ||||||| ||bul|| | ||
| 010 | _aKNG00099255000 | ||
| 020 | _a978-954-337-111-2 | ||
| 040 | _aBLK | ||
| 041 |
_aBUL _cBUL |
||
| 072 | 7 |
_2bullib _aК _xКраезнание |
|
| 072 | 7 |
_2bullib _aН84 _xБългарска художествена литература Н |
|
| 080 |
_aБългарска литература _b821.163.2 _x-8 _z821.163.2-8 |
||
| 139 |
_aВреме за памет _bВ 87 |
||
| 245 | 1 | 0 |
_aВреме за памет _bЛит. сб. _cсъстав. Нели Пигулева. |
| 257 | _aBGR | ||
| 260 |
_bАвангард принт _c2010 |
||
| 300 |
_a78 с. _c20 см |
||
| 380 | _aX | ||
| 653 | _aстихотворения | ||
| 653 | _aесета | ||
| 653 | _aспомени | ||
| 659 | _aК | ||
| 659 | _aН | ||
| 700 | 1 |
_aПигулева, Нели Димитрова _d1957- _9373978 |
|
| 852 | _aЦб 250666 | ||
| 852 | _aК 821.163.2/В 87 | ||
| 856 | 4 | _qpdf | |
| 856 | 4 | _qpdf | |
| 942 |
_cKNG _n0 _s1 |
||
| 944 |
_aCR _c02.02.2011 _lф / _kЛюдмила_Стоянова |
||
| 944 |
_aED _c16.02.2011 _lф / |
||
| 999 | _d94433 | ||